Advances in xNBR latex design and modes of crosslinking for synthetic glove dipping applications. Part. 2 (Record no. 53889)

MARC details
000 -LEADER
fixed length control field 00485nam a2200157Ia 4500
100 ## - MAIN ENTRY--AUTHOR NAME
Personal name Kells Andrews
245 #0 - TITLE STATEMENT
Title Advances in xNBR latex design and modes of crosslinking for synthetic glove dipping applications. Part. 2
260 ## - PUBLICATION, DISTRIBUTION, ETC. (IMPRINT)
Name of publisher Rubber International Magazine
Year of publication 2012
300 ## - PHYSICAL DESCRIPTION
Number of Pages 21-26
650 ## - SUBJECT ADDED ENTRY--TOPICAL TERM
Topical Term Crosslinking
650 ## - SUBJECT ADDED ENTRY--TOPICAL TERM
Topical Term Polymer design
650 ## - SUBJECT ADDED ENTRY--TOPICAL TERM
Topical Term Sulphur vulcanisation
650 ## - SUBJECT ADDED ENTRY--TOPICAL TERM
Topical Term xNBR latex design
942 ## - ADDED ENTRY ELEMENTS (KOHA)
Koha item type Journals
Holdings
Withdrawn status Lost status Damaged status Not for loan Home library Current library Shelving location Date acquired Serial Enumeration / chronology Koha item type
      Journals RRII Library RRII Library Rubber technology 14/06/2012 Volume 14, Issue 1 Journals